Hunger Games Characters - Sudden Death - Statistics

General Stats
  • This quiz has been taken 2,087 times
  • The average score is 11 of 18
Answers on the Grid
Answers color-coded by a green-red scale on the quiz's grid according to % correct below.
Katniss Everdeen
Maysilee Donner
Daisy Ann Hatchett
Crowson Bolingbroke
Gale Hawthorne
Haymitch Abernathy
Arcadius Waning
Fabricia Whatnot
Johanna Mason
Romulus Thread
Mariana Snow
Badger Keeling
Jessup Diggs
Olympus Woode
Isaac Franco
Fulvia Cardew
Sandra Ode
Annie Cresta
Madge Undersee
Thatcher Price
Plutarch Heavensbee
Preston Pelion
Seneca Crane
Mackie Septime
Emelia Warner
Alma Coin
Finnick Odair
Bryce Marough
Ley Avondock
Patchy Winston
Coriolanus Snow
Lucy Gray Baird
Castello Parch
Prudence Leeshot
Mags Flanagan
Mare Dayfinch
 
Answer Stats
Answer % Correct
Katniss Everdeen
92%
Gale Hawthorne
85%
Haymitch Abernathy
84%
Johanna Mason
78%
Finnick Odair
72%
Coriolanus Snow
69%
Maysilee Donner
68%
Lucy Gray Baird
67%
Plutarch Heavensbee
66%
Annie Cresta
64%
Seneca Crane
64%
Alma Coin
60%
Mags Flanagan
60%
Madge Undersee
57%
Jessup Diggs
42%
Fulvia Cardew
37%
Romulus Thread
35%
Fabricia Whatnot
11%
No matching quizzes found
Score Distribution
Percent of People with Each Score
Percentile by Number Answered
Your Score History
You have not taken this quiz